Trouve le pays à partir de son drapeau | Facile - Statistiques

Statistiques générales
  • Ce quiz a été pris 136 fois
  • Le résultat moyen est 18 sur 20
Statistiques - réponses
Par images Réponse % Correct
Canada
100%
France
100%
Portugal
98%
Royaume-Uni
98%
Allemagne
97%
Espagne
97%
Australie
96%
Chine
96%
Mexique
96%
Argentine
95%
Brésil
95%
Corée du Sud
95%
États-Unis
95%
Inde
95%
Japon
95%
Ukraine
95%
Afrique du sud
94%
Italie
94%
Turquie
94%
Algérie
93%
Russie
92%
Arabie Saoudite
88%
République tchèque
81%
Iran
80%
Nigeria
75%
Pakistan
75%
Bangladesh
72%
Indonesie
67%
Aucun quiz correspondant
Distribution des résultats
% des personnes avec chaque résultat
Percentile par nombre de réponses
Votre historique - résultats
Vous n’avez pas pris ce quiz